<?xml version="1.0" encoding="UTF-8"?>
<collection xmlns="http://www.loc.gov/MARC21/slim">
 <record>
  <leader>01163nam a2200217Ia 4500</leader>
  <controlfield tag="001">TDMU_6872</controlfield>
  <controlfield tag="008">210410s9999    xx            000 0 und d</controlfield>
  <datafield tag="082" ind1=" " ind2=" ">
   <subfield code="a">895.922</subfield>
  </datafield>
  <datafield tag="090" ind1=" " ind2=" ">
   <subfield code="b">V534</subfield>
  </datafield>
  <datafield tag="100" ind1=" " ind2=" ">
   <subfield code="a">VuÌƒ, ThêÌ Khôi</subfield>
  </datafield>
  <datafield tag="245" ind1=" " ind2="0">
   <subfield code="a">VuÌƒ Tông Phan cuôÌ£c đơÌ€i vaÌ€ thơ văn</subfield>
  </datafield>
  <datafield tag="245" ind1=" " ind2="0">
   <subfield code="c">VuÌƒ ThêÌ Khôi (biên khaÌ‰o, tuyêÌ‰n choÌ£n vaÌ€ diÌ£ch)</subfield>
  </datafield>
  <datafield tag="260" ind1=" " ind2=" ">
   <subfield code="a">H.</subfield>
  </datafield>
  <datafield tag="260" ind1=" " ind2=" ">
   <subfield code="b">Văn hoÌ£c</subfield>
  </datafield>
  <datafield tag="260" ind1=" " ind2=" ">
   <subfield code="c">1995</subfield>
  </datafield>
  <datafield tag="300" ind1=" " ind2=" ">
   <subfield code="a">338tr</subfield>
  </datafield>
  <datafield tag="520" ind1=" " ind2=" ">
   <subfield code="a">ToÌm tăÌt cuôÌ£c đơÌ€i, sưÌ£ nghiêÌ£p vaÌ€ phân tiÌch môÌ£t sôÌ baÌ€i thơ, văn cuÌ‰a tiêÌn siÌƒ VuÌƒ Tông Phan. CoÌ keÌ€m theo phâÌ€n nguyên baÌ‰n chưÌƒ HaÌn vaÌ€ keÌ€m theo niên biêÌ‰u vaÌ€ taÌc phâÌ‰m cuÌ‰a Ông</subfield>
  </datafield>
  <datafield tag="650" ind1=" " ind2=" ">
   <subfield code="a">TaÌc giaÌ‰ taÌc phâÌ‰m; VuÌƒ Tông Phan</subfield>
  </datafield>
  <datafield tag="700" ind1=" " ind2=" ">
   <subfield code="a">PGS NguyêÌƒn ĐưÌc Sâm hiêÌ£u điÌnh</subfield>
  </datafield>
  <datafield tag="856" ind1=" " ind2=" ">
   <subfield code="u">http://lrc.tdmu.edu.vn/opac/search/detail.asp?aID=2&amp;ID=6872</subfield>
  </datafield>
  <datafield tag="980" ind1=" " ind2=" ">
   <subfield code="a">Trung tâm Học liệu Trường Đại học Thủ Dầu Một</subfield>
  </datafield>
 </record>
</collection>
